| 000 | 00508nam a2200205Ia 4500 | ||
|---|---|---|---|
| 005 | 20260429112121.0 | ||
| 008 | 260429s9999||||xx |||||||||||||| ||und|| | ||
| 020 | _a9789393547514 | ||
| 041 | _aEnglish | ||
| 082 |
_a330.019 _bKHA |
||
| 100 | _aKhan, Sonu | ||
| 245 | 0 |
_aBehavioral economics / _cSonu Khan |
|
| 250 | _a1st ed. | ||
| 260 |
_aDelhi : _bGoodwill Publications, _c2024. |
||
| 300 | _aix, 243 p.; hb | ||
| 650 | _a Behavior | ||
| 650 | _a Heuristics | ||
| 650 | _aEconomics | ||
| 942 | _cTB | ||
| 999 |
_c52443 _d52443 |
||